[Event "Erfurt op 28th"]
[Site "Erfurt"]
[Date "2018.12.27"]
[Round "3"]
[White "Wichmann, Cliff"]
[Black "Roessler, Ulrike"]
[Result "1-0"]
[WhiteElo "2266"]
[BlackElo "2150"]
[PlyCount "83"]
[EventDate "2018.12.26"]
[EventType "swiss"]
[EventRounds "8"]
[EventCountry "GER"]
[SourceTitle "CBM 188 Extra"]
[Source "ChessBase"]
[SourceDate "2019.02.26"]
[SourceVersion "1"]
[SourceVersionDate "2019.02.26"]
[SourceQuality "1"]

1. d4 d6 2. Nf3 g6 3. c4 Bg7 4. e4 Nc6 5. d5 Nb8 6. Be2 Nf6 7. Nc3 0-0 8. 0-0 c6 9. Be3 a6 10. Rc1 Bg4 11. b4 b5 12. dxc6 Nxc6 13. cxb5 axb5 14. Bxb5 Nxb4 15. a4 Nd7 16. h3 Bxf3 17. Qxf3 Nc5 18. e5 Ncd3 19. Rcd1 Nxe5 20. Qe4 Rc8 21. Bd2 Nec6 22. Ne2 d5 23. Qb1 Qd6 24. Qb3 d4 25. Ng3 Nd5 26. Ne4 Qe5 27. Nc5 Rfd8 28. Rfe1 Qb8 29. Rb1 e6 30. Nxe6 fxe6 31. Rxe6 Rd6 32. Bf4 Rxe6 33. Bxb8 Nce7 34. Bd7 Rb6 35. Bxc8 Rxb3 36. Be6+ Kh8 37. Rxb3 Bf6 38. a5 Nc3 39. a6 d3 40. Rxc3 Bxc3 41. a7 d2 42. Bb3 1-0

[Event "BL 1819 (Women)"]
[Site "Germany"]
[Date "2018.11.18"]
[Round "4.5"]
[White "Waechter, Nathalie"]
[Black "Roessler, Ulrike"]
[Result "0-1"]
[WhiteElo "1990"]
[BlackElo "2109"]
[PlyCount "74"]
[EventDate "2018.10.27"]
[EventType "team-tourn"]
[EventRounds "11"]
[EventCountry "GER"]
[SourceTitle "CBM 188 Extra"]
[Source "ChessBase"]
[SourceDate "2019.02.26"]
[SourceVersion "1"]
[SourceVersionDate "2019.02.26"]
[SourceQuality "1"]
[WhiteTeam "Harksheide (W)"]
[BlackTeam "Hofheim (W)"]
[WhiteTeamCountry "GER"]
[BlackTeamCountry "GER"]

1. d4 Nf6 2. c4 g6 3. Nc3 Bg7 4. e4 d6 5. Be2 0-0 6. Nf3 e5 7. 0-0 Nc6 8. d5 Ne7 9. Ne1 Ne8 10. Nd3 f5 11. f4 fxe4 12. Nxe4 Nf5 13. fxe5 Qh4 14. Rf4 Qe7 15. e6 c6 16. g4 Nd4 17. Rxf8+ Qxf8 18. Bf4 b5 19. cxb5 cxd5 20. Ng5 h6 21. Nh3 Bxe6 22. Be3 g5 23. a4 Nc7 24. Rc1 Qe7 25. Ndf2 Nxe2+ 26. Qxe2 Bf7 27. Qd2 Ne6 28. Qxd5 Re8 29. Qd2 Nc5 30. Bxc5 dxc5 31. Rf1 Bd4 32. Nf4 gxf4 33. Qxf4 Qg5 34. Qg3 Bc4 35. Rd1 Rf8 36. Rxd4 cxd4 37. h4 Qe3 0-1

[Event "BL 1819 (Women)"]
[Site "Germany"]
[Date "2018.10.27"]
[Round "1.3"]
[White "Rubina, Tatiana"]
[Black "Roessler, Ulrike"]
[Result "0-1"]
[WhiteElo "2015"]
[BlackElo "2109"]
[PlyCount "106"]
[EventDate "2018.10.27"]
[EventType "team-tourn"]
[EventRounds "11"]
[EventCountry "GER"]
[SourceTitle "CBM 188 Extra"]
[Source "ChessBase"]
[SourceDate "2019.02.26"]
[SourceVersion "1"]
[SourceVersionDate "2019.02.26"]
[SourceQuality "1"]
[WhiteTeam "Karlsruhe (W)"]
[BlackTeam "Hofheim (W)"]
[WhiteTeamCountry "GER"]
[BlackTeamCountry "GER"]

1. e4 g6 2. Nc3 Bg7 3. Bc4 d6 4. f4 Nf6 5. d3 c6 6. Nf3 d5 7. exd5 cxd5 8. Bb3 0-0 9. 0-0 Bg4 10. Qe1 Bxf3 11. Rxf3 e6 12. Kh1 Nc6 13. Rh3 Nd4 14. Ne2 Ng4 15. Nxd4 Bxd4 16. Rf3 h5 17. c3 Bg7 18. d4 b5 19. h3 Nh6 20. a3 a5 21. Be3 Nf5 22. Bf2 Qb6 23. Bc2 Nd6 24. g4 hxg4 25. hxg4 b4 26. axb4 axb4 27. Rb1 Rfc8 28. Kg2 bxc3 29. bxc3 Qc6 30. Rb3 Nb5 31. Bb1 Ra3 32. Rxa3 Nxa3 33. f5 exf5 34. gxf5 Re8 35. Qc1 Nxb1 36. Qxb1 g5 37. Qh1 Re4 38. Qh5 g4 39. Rg3 Qh6 40. Qh2 Qxh2+ 41. Kxh2 Bh6 42. Rg1 Kg7 43. Rb1 Bf4+ 44. Kg2 Re2 45. Kf1 Rc2 46. Rb5 g3 47. Bg1 Kf6 48. Rxd5 Kg5 49. f6+ Kg4 50. Rb5 Kf3 51. Rb1 Rxc3 52. Ra1 Rd3 53. Rb1 g2+ 0-1

[Event "Pardubice Czech op-A 29th"]
[Site "Pardubice"]
[Date "2018.07.21"]
[Round "2"]
[White "Dhulipalla, Bala Chandra Prasad"]
[Black "Roessler, Ulrike"]
[Result "1-0"]
[WhiteElo "2268"]
[BlackElo "2137"]
[PlyCount "113"]
[EventDate "2018.07.20"]
[EventType "swiss"]
[EventRounds "9"]
[EventCountry "CZE"]
[SourceTitle "CBM 185 Extra"]
[Source "ChessBase"]
[SourceDate "2018.07.29"]
[SourceVersion "1"]
[SourceVersionDate "2018.07.29"]
[SourceQuality "1"]

1. d4 d6 2. Bf4 Nf6 3. e3 g6 4. Nf3 Bg7 5. Be2 0-0 6. 0-0 c5 7. c3 Nbd7 8. h3 cxd4 9. exd4 Nb6 10. Nbd2 Bf5 11. Re1 Nbd5 12. Bh2 Qb6 13. Qb3 h6 14. Bc4 Qxb3 15. axb3 Be6 16. b4 Rfc8 17. Ra5 a6 18. Bd3 Rab8 19. Bxg6 fxg6 20. Rxe6 Kf7 21. Re1 Nb6 22. b5 axb5 23. Rxb5 Nfd7 24. Ne4 Nc4 25. Nfd2 Nxd2 26. Nxd2 b6 27. Rb4 Ra8 28. Nc4 Ra6 29. Bxd6 Bf6 30. Be5 Bxe5 31. Nxe5+ Nxe5 32. Rxe5 Ra1+ 33. Kh2 Rc6 34. Kg3 Rf6 35. Reb5 Ra6 36. h4 h5 37. d5 Ke8 38. b3 Ra2 39. f3 Rf5 40. d6 Rxb5 41. Rxb5 exd6 42. Rxb6 Ke7 43. c4 Rc2 44. Rb5 Ke6 45. Rg5 Kf6 46. Rd5 Ke6 47. Rd3 Ke7 48. Kh3 Rc1 49. g4 Rg1 50. Kh2 Rc1 51. Kg3 Rb1 52. Kf4 hxg4 53. fxg4 Kf7 54. Kg5 Rb2 55. Rxd6 Rxb3 56. Rf6+ Ke7 57. Kxg6 1-0

[Event "Pardubice op rapid 29th"]
[Site "Pardubice"]
[Date "2018.07.19"]
[Round "8"]
[White "Chrz, Pavel"]
[Black "Roessler, Ulrike"]
[Result "0-1"]
[WhiteElo "2032"]
[BlackElo "2137"]
[PlyCount "102"]
[EventDate "2018.07.18"]
[EventType "swiss (rapid)"]
[EventRounds "9"]
[EventCountry "CZE"]
[SourceTitle "CBM 185 Extra"]
[Source "ChessBase"]
[SourceDate "2018.07.29"]
[SourceVersion "1"]
[SourceVersionDate "2018.07.29"]
[SourceQuality "1"]

1. Nf3 Nf6 2. c4 g6 3. g3 Bg7 4. Bg2 0-0 5. 0-0 d6 6. Nc3 e5 7. d4 Nbd7 8. e3 c6 9. b3 Re8 10. dxe5 dxe5 11. Bb2 h6 12. e4 Qc7 13. Qe2 Nc5 14. h3 Ne6 15. Na4 Nd7 16. Rad1 a5 17. Ba3 Nd4 18. Nxd4 exd4 19. f4 c5 20. e5 Rb8 21. g4 b6 22. Bd5 Nf8 23. Qf3 Bd7 24. Bc1 b5 25. Nb2 a4 26. Nd3 axb3 27. axb3 bxc4 28. bxc4 Rb3 29. Qg2 Reb8 30. Qe2 Be6 31. f5 Bxd5 32. cxd5 c4 33. Nf2 Bxe5 34. fxg6 Nxg6 35. Ne4 Rxh3 36. Qf2 Nh4 37. d6 Qb7 38. Rde1 Nf3+ 39. Kg2 Rh2+ 40. Kxf3 Rxf2+ 41. Rxf2 d3 42. g5 h5 43. Kg2 c3 44. Kg1 d2 45. Bxd2 cxd2 46. Rxd2 Qb6+ 47. Kg2 Kg7 48. d7 Rd8 49. Rd5 Qe6 50. Nc3 Qg4+ 51. Kf1 Bxc3 0-1

[Event "Pardubice op rapid 29th"]
[Site "Pardubice"]
[Date "2018.07.19"]
[Round "4"]
[White "Ludvik, Tomas"]
[Black "Roessler, Ulrike"]
[Result "1/2-1/2"]
[WhiteElo "2048"]
[BlackElo "2137"]
[PlyCount "153"]
[EventDate "2018.07.18"]
[EventType "swiss (rapid)"]
[EventRounds "9"]
[EventCountry "CZE"]
[SourceTitle "CBM 185 Extra"]
[Source "ChessBase"]
[SourceDate "2018.07.29"]
[SourceVersion "1"]
[SourceVersionDate "2018.07.29"]
[SourceQuality "1"]

1. d4 Nf6 2. c4 g6 3. Nc3 Bg7 4. e4 d6 5. Nf3 0-0 6. Be2 e5 7. 0-0 Nc6 8. d5 Ne7 9. b4 a5 10. Ba3 axb4 11. Bxb4 Nd7 12. a4 h6 13. Nd2 f5 14. Nb3 fxe4 15. Nxe4 Nf5 16. c5 dxc5 17. Nbxc5 Nxc5 18. Bxc5 Re8 19. Rc1 Nd4 20. Bc4 Qh4 21. Re1 Bf5 22. f3 Kh8 23. d6 b6 24. Ba3 cxd6 25. Nxd6 Reb8 26. Nf7+ Kh7 27. Nxe5 Rd8 28. Nf7 Rd7 29. Nd6 Nc2 30. Nxf5 Rxd1 31. Nxh4 Rxe1+ 32. Rxe1 Nxe1 33. Kf1 Rxa4 34. Kxe1 Rxc4 35. g4 g5 36. Nf5 Rc3 37. Bb2 Rxf3 38. Nxg7 Rh3 39. Nf5 Rxh2 40. Bd4 b5 41. Nd6 b4 42. Kd1 Rg2 43. Ne4 Kg6 44. Nf2 h5 45. gxh5+ Kxh5 46. Kc2 g4 47. Kb3 g3 48. Ne4 Kg4 49. Nxg3 Rxg3+ 50. Kxb4 Kf5 51. Kc4 Ke4 52. Bc5 Rg8 53. Bb4 Rc8+ 54. Bc5 Ke5 55. Kb5 Kd5 56. Ba7 Rc1 57. Kb6 Rc2 58. Kb7 Kd6 59. Bb8+ Kd7 60. Ka8 Ra2+ 61. Ba7 Kc6 62. Kb8 Kb5 63. Ka8 Ka6 64. Kb8 Rg2 65. Ka8 Rg6 66. Bb8 Rg7 67. Be5 Rf7 68. Bb8 Kb6 69. Be5 Ra7+ 70. Kb8 Re7 71. Bd4+ Kc6 72. Bf2 Rb7+ 73. Ka8 Rf7 74. Ba7 Rf3 75. Bb8 Kd7 76. Kb7 Rb3+ 77. Ka8 1/2-1/2

[Event "Pardubice op rapid 29th"]
[Site "Pardubice"]
[Date "2018.07.18"]
[Round "2"]
[White "Chubar, Vladimir"]
[Black "Roessler, Ulrike"]
[Result "0-1"]
[WhiteElo "2016"]
[BlackElo "2137"]
[PlyCount "94"]
[EventDate "2018.07.18"]
[EventType "swiss (rapid)"]
[EventRounds "9"]
[EventCountry "CZE"]
[SourceTitle "CBM 185 Extra"]
[Source "ChessBase"]
[SourceDate "2018.07.29"]
[SourceVersion "1"]
[SourceVersionDate "2018.07.29"]
[SourceQuality "1"]

1. d4 Nf6 2. Nf3 g6 3. Bg5 Bg7 4. Nbd2 0-0 5. c3 d6 6. e4 Nbd7 7. Bc4 e5 8. dxe5 dxe5 9. 0-0 h6 10. Bh4 g5 11. Bg3 Nh5 12. Qc2 Nxg3 13. fxg3 Qe7 14. Kh1 Nf6 15. Qb3 b6 16. a4 a5 17. Rae1 Bb7 18. Re2 Rad8 19. Ne1 Rd6 20. Bd3 Rfd8 21. Qc2 Nd7 22. Nc4 Rf6 23. Rxf6 Bxf6 24. Ne3 Nc5 25. Nf5 Qd7 26. Bc4 Kh7 27. h3 Bxe4 28. Rxe4 Qxf5 29. Re2 Qxc2 30. Rxc2 Rd1 31. Re2 Nxa4 32. Kh2 Nxb2 33. Rxb2 Rxe1 34. Bxf7 e4 35. Be6 Bxc3 36. Rc2 Be5 37. Rc4 Kg7 38. Bf5 Re3 39. Rxe4 Bxg3+ 40. Kg1 Rxe4 41. Bxe4 c5 42. Bc6 Kf6 43. Kf1 Ke5 44. Ke2 Kd4 45. Kd2 c4 46. Kc2 Kc5 47. Be8 b5 0-1

[Event "BL 1718 (Women)"]
[Site "Germany"]
[Date "2018.02.17"]
[Round "8.3"]
[White "Manusina, Nicole"]
[Black "Roessler, Ulrike"]
[Result "0-1"]
[WhiteElo "1924"]
[BlackElo "2117"]
[PlyCount "66"]
[EventDate "2017.10.01"]
[EventType "team-tourn"]
[EventRounds "11"]
[EventCountry "GER"]
[SourceTitle "EXT 2019"]
[Source "ChessBase"]
[SourceDate "2018.10.10"]
[SourceVersion "1"]
[SourceVersionDate "2018.10.10"]
[SourceQuality "1"]
[WhiteTeam "Lehrte (W)"]
[BlackTeam "Hofheim (W)"]
[WhiteTeamCountry "GER"]
[BlackTeamCountry "GER"]

1. d4 d6 2. c4 e5 3. e3 Nc6 4. Nc3 g6 5. d5 Nce7 6. h4 Nf6 7. Be2 h6 8. Nf3 Bg7 9. Nh2 Nf5 10. Nf1 h5 11. Qc2 0-0 12. b3 c6 13. dxc6 bxc6 14. Bb2 Qa5 15. 0-0-0 d5 16. Na4 d4 17. exd4 Nxd4 18. Bxd4 exd4 19. Bd3 Ng4 20. Ng3 Rb8 21. Rde1 Bh6+ 22. Kd1 Rb4 23. Ne4 Bf5 24. Rhf1 Kh8 25. a3 Rxa4 26. bxa4 Rb8 27. Ng5 Bxd3 28. Qxd3 Qxa4+ 29. Kc1 c5 30. f4 Bxg5 31. fxg5 Rb3 32. Re8+ Kg7 33. Rxf7+ Kxf7 0-1